[Event "Muenster Bezirksliga 0506"]
[Site "Muenster"]
[Date "2005.11.19"]
[Round "3.6"]
[White "Henke, Dieter"]
[Black "Micklich, Rahel"]
[Result "1-0"]
[WhiteElo "1698"]
[BlackElo "1462"]
[PlyCount "81"]
[EventDate "2005.09.10"]
[EventType "team"]
[EventRounds "9"]
[EventCountry "GER"]
[SourceTitle "EXT 2007"]
[Source "ChessBase"]
[SourceDate "2006.11.23"]
[SourceVersion "1"]
[SourceVersionDate "2006.11.23"]
[SourceQuality "1"]
[WhiteTeam "Senden"]
[BlackTeam "Muenster IV"]
[WhiteTeamCountry "GER"]
[BlackTeamCountry "GER"]

1. d4 Nf6 2. c4 e6 3. Nc3 d5 4. Bg5 Nbd7 5. Nf3 c6 6. a3 h6 7. Bh4 Be7 8. e3 0-0 9. Bd3 b6 10. cxd5 cxd5 11. Rc1 a5 12. 0-0 Ba6 13. Bxa6 Rxa6 14. Qd3 Ra8 15. Rc2 Nh5 16. Bxe7 Qxe7 17. Rfc1 f5 18. Ne2 Ra7 19. Qb5 Rb8 20. Rc7 Rbb7 21. Rc8+ Kh7 22. R8c6 Nhf6 23. Nf4 Nf8 24. Rxb6 Rxb6 25. Qxb6 Rb7 26. Qxa5 Rxb2 27. Nd3 Rb7 28. Nc5 Ra7 29. Qb4 Rc7 30. Ne5 Ne4 31. a4 Qh4 32. Qe1 Nxc5 33. Rxc5 Rxc5 34. dxc5 Qxa4 35. g3 Nd7 36. Nxd7 Qxd7 37. Qa5 Kg8 38. Qa8+ Kf7 39. c6 Qe8 40. Qb7+ Qe7 41. c7 1-0